000
00339nam a2200133Ia 4500
008
151001s9999||||xx |||||||||||||| ||und||
100
_a
नीलाभ
245
_a
शब्दौ सेनाता अटूट है
250
_a
1
260
_b
उपासना
260
_c
2000
300
_a
135
365
_b
21
999
_c
980654
_d
980651